00718nam a2200241 a 4500001001300000003000900013005001700022008004100039020002300080082001800103100001900121245004700140260003700187300000900224500003500233505001000268650002800278700001900306902000800325942000700333952011900340999001700459nice12345678IN_TiNIC20260116014233.0050804s2004 dela grp 000 0 eng  a8189161318 c62500a371.9754bFAH aFahimuddin, Fa aModernization of Muslim Education in India aDelhibAdhyayan Publishersc2004 a266p aincludes index and biblioraphy2 aindex aEducation-Muslims India1 aFahimuddin, Fa bSRS cBK 001040708StackRoom-aHMIbHMId2005-08-08g625.00l0o371.9754 FAHp021429r2005-08-08v625.00w2005-08-04yBK c14455d14455